Responses for Show #1949 - Thursday, February 11, 1993

Contestants

[<< previous game]

Allen Howland, a newspaper editor from Midland, Texas

Jay Carrizales, a U.S. Navy aviator originally from San Bernardino, California

Susie Macksey, a stand-up comic from Cambridge, Massachusetts (whose 1-day cash winnings total $6,700)

[next game >>]

Jeopardy! Round responses

SOUTH AMERICA
SHOW TUNES
TOOLS
AMERICAN HISTORY
PERFUME & COLOGNE
FAMILIAR PHRASES
    $100 9
Buenos Aires

Susie
    $100 1
your overcoat

Susie
    $100 6
a mallet

Jay
    $100 3
the Peace Corps

Susie
    $100 15
Tiffany

Jay
    $100 25
smart

Allen
    $200 10
Simon Bolivar

Jay
    $200 2
"I remember it well"

Jay
    $200 12
a saw

Susie
    $200 4
Thomas Paine

Susie
    $200 17
roses

Susie
    $200 26
the piper

Allen
    $300 22
the Isthmus of Panama

Susie
    $300 5
write myself a letter

Allen
    $300 16
the chisel

Allen
    $300 7
the states

Susie
    $300 18
Poison

Susie
    $300 27
cry wolf

Susie
    $400 23
(Allen: What is Colombia?)

Brazil

Allen
Triple Stumper
    $400 13
"Everything's Coming Up Roses"

Susie
    $400 21
wrenches

Allen
    $400 8
(Allen: What are railroad workers?)

Irish coal workers

JayAllen
    $400 19
Le Jardin

Susie
    $400 28
mountain dew

Allen
    $500 24
the Orinoco

Allen
    $500 14
(Allen: What is "Doorbells and sleighbells and warm woolly mittens"?)
(Susie: What is "These are a few of my favorite things"?)

Bright copper kettles and warm woollen mittens

SusieAllen
Triple Stumper
    $500 30
a plumb (plumb line, plumb bob)

Susie
    $500 11
(Jay: Who is Einstein?)

J. Robert Oppenheimer

Jay
    $500 20
(Jay: What is English Leather?)

British Sterling

JayAllen
    $500 29
a cat on a hot tin roof

Allen

Scores at the first commercial break (after clue 14):

Susie Jay Allen
$900 $400 -$600

Scores at the end of the Jeopardy! Round:

Susie Jay Allen
$2,900 $0 $1,900

Double Jeopardy! Round responses

ANNUAL EVENTS
SNAILS
VICE PRESIDENTS
RAILROADS
FOREIGN CURRENCY
LITERATURE
    $200 6
Detroit

Allen
    $200 1
one

Susie
    $200 13
Dan Quayle

Susie
    $200 4
the Baltimore & Ohio

Jay
    $200 20
the lira

Susie
    $200 2
(Robert Louis) Stevenson

Susie
    $400 7
Custer's Last Stand

Allen
    $400 27
escargot

Susie
    $400 14
(Jay: Who is Eisenhower?)

Nixon

SusieJay
    $400 5
the Orient Express

Allen
    $400 21
Sierra Leone

Susie
    $400 3
Alaska

Jay
    $600 8
Metropolis

Susie
    $600 28
the gills

Jay
    $600 15
Spiro Agnew

Allen
    $600 16
(George) Pullman

Susie
    $600 22
Switzerland

Allen
    $600 10
(Sinclair) Lewis

Susie
    $800 9
(Susie: What is Jefferson City?)
(Allen: What is Joplin?)

St. Joseph

SusieAllen
Triple Stumper
    $800 29
(Allen: What is the nautilus?)

the abalone

Allen
Triple Stumper
    $800 17
(Susie: Who is Truman?)

Henry Wallace

Susie
Triple Stumper
    $800 23
(Susie: What is Japan?)
(Allen: What is Italy?)
...
(Alex: Train à Grande Vitesse.)

France

SusieJayAllen
    $800 25
rupee

Jay
    $800 11
(Gustave) Flaubert

Susie
    $1000 19
Iowa

Jay
    $1000 30
conch

Triple Stumper
    $2,000 18
Aaron Burr

Susie
    $1000 24
Amtrak

Jay
    $1,500 26
the guilder

Jay
    $1000 12
Boccaccio

Susie

Scores at the end of the Double Jeopardy! Round:

Susie Jay Allen
$8,100 $5,900 $1,700

[wagering suggestions for these scores]

Final Jeopardy! Round responses

SUPREME COURT JUSTICES
(Alex: If you wrote down "Who is Sandra Day O'Connor?", you are in deep trouble.)
[Laughter]
(Allen: Just as bad.)
(Alex: Just as bad, you think?)
(Allen: Worse.)
(Alex: Let us be the judge of that. [Sees response] Yeaah, that's different; just as bad as "Who is Sandra Day O'Connor?")
AllenWho is Thurgood Marshall?
$1,650
JayWho was Scalia
$2,400
SusieWho is Scalia?
$1,900
Antonin Scalia

Final scores:

Susie Jay Allen
$10,000 $8,300 $50
2-day champion: $16,700 2nd place: Broyhill entertainment center & Sanyo VCR + Jeopardy! 25th Anniversary computerized version or home gam 3rd place: Lonestar Singalodeon + Jeopardy! 25th Anniversary computerized version or home game

Game dynamics:

Coryat scores:

Susie Jay Allen
$7,100 $5,900 $1,700
26 R
(including 1 DD),
4 W
13 R
(including 1 DD),
3 W
(including 1 DD)
14 R,
6 W

Combined Coryat: $14,700

[game clues] [game scores] [suggest correction]

Game tape date: 1992-11-09
The J! Archive is created by fans, for fans. Scraping, republication, monetization, and malicious use prohibited; this site may use cookies and collect identifying information. See terms. The Jeopardy! game show and all elements thereof, including but not limited to copyright and trademark thereto, are the property of Jeopardy Productions, Inc. and are protected under law. This website is not affiliated with, sponsored by, or operated by Jeopardy Productions, Inc. Join the discussion at JBoard.tv.